000
00282nam a2200121Ia 4500
005
20251222143205.0
008
251222s9999||||xx |||||||||||||| ||spa||
082
_a
465/C14
100
_a
Cáceres Chaupin, José
245
0
_a
Gramática Estructural:
264
_b
s.e.
942
_c
LIB
999
_c
13215
_d
13215